000 00804nam a2200265Ia 4500
001 Para_3653
003 CHAP
008 220125s1915 xx 000 0 und d
010 _a202251
040 _cCHAP
082 _aPA-C 595.77 D5
100 _aHewitt, C. Gordon
_955096
245 _aHouse-fly control /
_c C. Gordon Hewitt
500 _aSobretiro de: The agricultural gazette of Canada 2 (5): 418-421, 1915 Encuadernado con impresos similares
650 _aControl biológico de insectos
_927582
650 _aDípteros
_933715
650 _aMusca doméstica
_979867
901 _aPA-C 595.77 D5
902 _aA
905 _a0000001915 0000000000 00
910 _a1915
942 _cPARA
942 _cPARA
_d1
999 _c202251
_d202251